000 00215nam a22000977a 4500
003 OSt
008 210113b ||||| |||| 00| 0 eng d
100 _aKunjunni Nair, T. V
_94814
245 _aAanandhamatam
942 _cBK
999 _c16419
_d16419